000 00646nam a2200169 i 4500
001 40116
003 ES-MaACL
005 20230906160139.0
007 t|
008 030305s1880 sp ||||1| spa d
100 1 _aCapdepón y Masares, Mariano.
_9141432
245 1 0 _aDiscurso leído en el Ateneo Científico, Literario y Artístico de Vitoria en la sesión inaugural delcurso de 1880-81
_b: [Sobre el drama lírico en general y la ópera española] /
_cMariano Capdepón.
260 _aVitoria :
_b[s.n.,
_c1880] (
_fVda. e hijos de Iturbe)
300 _a31 p. ;
_c19 cm.
710 2 _aAteneo de Vitoria.
_91848
852 _aES-MaACL
_jT-427-F-6
999 _c40116
_d40116